Hodnocení kvality venkovských destinací v České republice návštěvníky

Kvalita ako významný faktor, ktorý vedie k spokojnosti zákazníkov v cestovnom ruchu. Faktory kvality v cestovnom ruchu. Identifikácia kľúčových faktorov vidieckeho cestovného ruchu v Českej republike. Hodnotenie významu 22 faktorov kvality vidieckej destinácie. Hodnotené destinácie: Vysočina, Južná...

Descrizione completa

Salvato in:
Dettagli Bibliografici
Autore principale: Ryglová, Kateřina
Altri autori: Peruthová, Astrida
Natura: Capitolo di libro
Lingua:ceco
Soggetti:
Tags: Aggiungi Tag
Nessun Tag, puoi essere il primo ad aggiungerne!!

MARC

LEADER 00000naa a2200000 4500
001 0250891
005 20190212093848.8
041 0 |a cze 
044 |a SK 
245 1 0 |a Hodnocení kvality venkovských destinací v České republice návštěvníky  |c Kateřina Ryglová, Astrida Peruthová 
520 |a Kvalita ako významný faktor, ktorý vedie k spokojnosti zákazníkov v cestovnom ruchu. Faktory kvality v cestovnom ruchu. Identifikácia kľúčových faktorov vidieckeho cestovného ruchu v Českej republike. Hodnotenie významu 22 faktorov kvality vidieckej destinácie. Hodnotené destinácie: Vysočina, Južná Morava a Šumava. Výsledky výskumu. 
610 2 0 |a ruch cestovný vidiecky 
610 2 0 |a kvalita 
610 2 0 |a spokojnosť zákazníkov 
610 2 0 |a služby 
610 2 0 |a príroda 
610 2 0 |a bezpečnosť 
610 2 0 |a doprava 
610 2 0 |a ubytovanie 
610 2 0 |a stravovanie spoločné 
610 2 0 |a hygiena 
610 2 0 |a Česko 
100 1 |a Ryglová, Kateřina 
700 1 |a Peruthová, Astrida